000 00863cab a2200277 4500
001 ABS58100
008 090401t1997 xxu||||| |||| 00| 0 eng d
035 _a(Sirsi) u82657
041 _aeng
100 _aSeidl, A.
245 _aRICS gets tough
260 _c1997
350 _a0
490 _aEstates Gazette
_v(9749) 6 December 1997, 52-53(2)
520 _aReviews the more stringent disciplinary procedures and rules of conduct recently voted by RICS members in a bid to address concerns over self-regulation.
650 _aDISCIPLINARY BOARDS
650 _aDISCIPLINARY PROCEDURES
650 _aMODERNISATION
650 _aRICS
650 _aRICS RULES OF CONDUCT
650 _aSELF-REGULATION
650 _aSTANDARDS AND PRACTICE
690 _aMANAGEMENT-BUSINESS MANAGEMENT-PROFESSIONAL PRACTICE
942 _n0
948 _c15/12/1997
999 _c52202
_d52202